000 00295nam a2200121Ia 4500
005 20251222143108.0
008 251222s9999||||xx |||||||||||||| ||spa||
082 _a780/W21
100 _aWoodworth, G. Wallace
245 0 _aEl Mundo de la Música
264 _bBiografia Argentina
942 _cLIB
999 _c11074
_d11074